Plants Vs Zombies: List of Zombies - Statistics

General Stats
  • This quiz has been taken 601 times
  • The average score is 17 of 25
Answer Stats
Hint Answer % Correct
Normal Zombie
96%
Has a weird hat Conehead Zombie
92%
He has a protection on his hat Buckethead Zombie
91%
Holds a flag at the beginning of a wave Flag Zombie
91%
Little zombie Imp
85%
Snow monster Zombie Yeti
84%
Old zombie and reads Newspaper Zombie
80%
Giant Zombie Gargantuar
79%
Can climb over plants Ladder Zombie
78%
Sports zombie Football Zombie
77%
Flys Balloon Zombie
76%
Can steal plants Bungee Zombie
70%
Rides an animal Dolphin Rider Zombie
68%
Is a back up Back up Dancer
67%
The final boss Dr. Zomboss
67%
Goes underwater Snorkel Zombie
67%
Another sport zombie Pole Zombie
64%
Snowmobile Zomboni
64%
Rides a stick Pogo Zombie
59%
Throws food and items Catapult Zombie
55%
Dances at night Dancing Zombie
52%
Really fat Digger Zombie
50%
Makes music Jack in the box zombie
50%
Can swim Ducky Tube Zombie
45%
Holds a house thing Door Zombie
37%
No matching quizzes found
Score Distribution
Percent of People with Each Score
Percentile by Number Answered
Your Score History
You have not taken this quiz